书目信息 |
| 题名: |
内蒙古
|
|
| 作者: | 王大方 , 徐翔麟 , 张明中 主编 | |
| 分册: | ||
| 出版信息: | 北京 外文出版社 2006.01 |
|
| 页数: | 265页, [3] 页图版 | |
| 开本: | 24cm | |
| 丛书名: | 全景中国 | |
| 单 册: | ||
| 中图分类: | K922.6 | |
| 科图分类: | ||
| 主题词: | ||
| 电子资源: | ||
| ISBN: | 7-119-04213-0 | |
| 000 | 01001nam 2200289 450 | |
| 001 | 012006963306 | |
| 005 | 20060921111135.04 | |
| 010 | @a7-119-04213-0@dCNY68.00 | |
| 100 | @a20060711d2006 km y0chiy0120 ea | |
| 101 | 0 | @achi |
| 102 | @aCN@b110000 | |
| 105 | @aabcfz 000yy | |
| 200 | 1 | @a内蒙古@Anei meng gu@e马背上的民族 |
| 210 | @a北京@c外文出版社@d2006.01 | |
| 215 | @a265页, [3] 页图版@c图 (部分彩图), 地图, 肖像@d24cm | |
| 225 | 2 | @a全景中国@Aquan jing zhong guo |
| 314 | @a责任者取自版权页 | |
| 330 | @a蒙古族的古代史,是一部奔驰在马背上的历史,也是征服与建树的历史。书中分古代篇、现代篇、民俗篇来介绍他们在政治、经济、文化各个领域所作的贡献。 | |
| 410 | 0 | @12001 @a全景中国 |
| 517 | 1 | @a马背上的民族@Ama bei shang de min zu |
| 607 | @a内蒙古@Anei meng gu@x概况 | |
| 690 | @aK922.6@v4 | |
| 701 | 0 | @a王大方@Awang da fang@4主编 |
| 701 | 0 | @a徐翔麟@Axu xiang lin@4主编 |
| 701 | 0 | @a张明中@Azhang ming zhong@4主编 |
| 801 | 0 | @aCN@bQSSK@c20060921 |
| 905 | @a10447@dK922.6@eW141 | |
| 内蒙古:马背上的民族.-北京:外文出版社,2006.01 |
| 265页, [3] 页图版:图 (部分彩图), 地图, 肖像;24cm.-(全景中国) |
| ISBN 7-119-04213-0:CNY68.00 |
| 蒙古族的古代史,是一部奔驰在马背上的历史,也是征服与建树的历史。书中分古代篇、现代篇、民俗篇来介绍他们在政治、经济、文化各个领域所作的贡献。 |
| ● |
| 相关链接 |
|
|
|
正题名:内蒙古
索取号:K922.6/W141
 
预约/预借
| 序号 | 登录号 | 条形码 | 馆藏地/架位号 | 状态 | 备注 |
| 1 | 595691 | 205956919 | 社科库309/309社科库 14排1列1层/ [索取号:K922.6/W141] | 在馆 | |
| 2 | 595692 | 205956928 | 社科库309/309社科库 14排1列1层/ [索取号:K922.6/W141] | 在馆 | |
| 3 | 595693 | 205956937 | 社科库309/309社科库 14排1列1层/ [索取号:K922.6/W141] | 在馆 |